Účtovanie a vykazovanie vlastného imania v účtovníctve podnikateľov bakalárska práca

Guardado en:
Detalles Bibliográficos
Autor principal: Mengerová, Hana
Autor Corporativo: Fakulta hospodárskej informatiky EU. Katedra účtovníctva a audítorstva
Otros Autores: Maděra, František
Formato: Libro
Lenguaje:eslovaco
Publicado: Bratislava 2009
Etiquetas: Agregar Etiqueta
Sin Etiquetas, Sea el primero en etiquetar este registro!

MARC

LEADER 00000nam$a2200000$$$4500
001 0102129
005 20240318134929.0
041 0 |a slo 
044 |a SK 
245 1 0 |a Účtovanie a vykazovanie vlastného imania v účtovníctve podnikateľov  |b bakalárska práca  |c Hana Mengerová ; škol. František Maděra 
264 1 |a Bratislava  |c 2009 
300 |a 33 s. 
100 1 |a Mengerová, Hana 
700 1 |a Maděra, František 
710 2 |a Fakulta hospodárskej informatiky EU. Katedra účtovníctva a audítorstva